Vấn đề xác định, lựa chọn và thực hiện khả năng

Guardat en:
Dades bibliogràfiques
Autor principal: Lê Hữu Tầng.
Format: Llibre
Idioma:Vietnamese
Publicat: Khoa học xã hội 2005
Etiquetes: Afegir etiqueta
Sense etiquetes, Sigues el primer a etiquetar aquest registre!
Thư viện lưu trữ: Mạng thư viện Đại học Đà Nẵng
LEADER 00662nam a2200253 4500
001 000021036
003 17483
005 20150402140410.0
008 150402s2005 viesd
020 |c 00 
041 0 |a vie 
082 1 4 |a 300.1  |b LÊ-T 
100 1 |a Lê Hữu Tầng. 
245 1 0 |a Vấn đề xác định, lựa chọn và thực hiện khả năng  |c Lê Hữu Tầng. 
260 |b Khoa học xã hội  |c 2005 
300 |a tr.  |c cm. 
OWN |a LSP 
999 |a From the UDN01 
TYP |a Monograph 
TYP |a Printed language 
980 |a Mạng thư viện Đại học Đà Nẵng